Countries bigger than Alaska - Statistics

General Stats
  • This quiz has been taken 16 times
  • The average score is 14 of 17
Answer Stats
Hint Answer % Correct
9.6 million km² China
100%
17.1 million km² Russia
100%
3.3 million km² India
94%
2.4 million km² Algeria
88%
8.5 million km² Brazil
88%
10.0 million km² Canada
88%
1.96 million km² Mexico
88%
2.8 million km² Argentina
81%
7.7 million km² Australia
81%
2.7 million km² Kazakhstan
81%
2.3 million km² D.R Congo
75%
1.90 million km² Indonesia
75%
1.75 million km² Iran
75%
1.88 million km² Sudan
75%
1.76 million km² Libya
69%
2.15 million km² Saudi Arabia
63%
2.21 million km² Denmark
38%
No matching quizzes found
Score Distribution
Percent of People with Each Score
Percentile by Number Answered
Your Score History
You have not taken this quiz